Electric machines : steady-state theory and dynamic performance /

Sonraí bibleagrafaíochta
Príomhchruthaitheoir: Sarma, Mulukutla S., 1938-
Formáid: LEABHAR
Teanga:English
Foilsithe / Cruthaithe: Minneapolis/St. Paul : West, c1994.
Eagrán:Second edition.
Ábhair:
Classic Catalogue: View this record in Classic Catalogue
LEADER 02068nam a2200313 a 4500
001 0018279
003 BD-DhAAL
008 090514s1994 mnua b 001 0 eng d
010 |a 93028863 
020 |a 0534938434 
040 |a DLC  |c DLC  |d OrLoB-B  |d BD-DhAAL 
050 0 0 |a TK2181  |b .S33 1994 
082 0 0 |a 621.31042  |2 20 
100 1 |a Sarma, Mulukutla S.,  |d 1938-  |9 58770 
245 1 0 |a Electric machines :  |b steady-state theory and dynamic performance /  |c Mulukutla S. Sarma. 
250 |a Second edition. 
260 |a Minneapolis/St. Paul :  |b West,  |c c1994. 
300 |a xxi, 649 p. :  |b ill. ;  |c 25 cm 
504 |a Includes bibliographical references and index. 
526 |a EEE  |x Md Sayeed Salam Department of Electrical and Electronic Engineering BRAC University Course Name : Energy Conversion II (EEE 223) 
541 1 |e 0018279, 0020202, 0020203  |a Trim Education 
650 0 |a Electric machinery. 
852 4 |a Ayesha Abed Library  |c General Stacks 
942 0 0 |0 1  |2 ddc  |c BK 
999 |c 723  |d 723 
952 |0 0  |1 0  |2 ddc  |4 0  |6 621_310420000000000_SAR_1994  |7 0  |9 666  |a BRACUL  |b BRACUL  |c GEN  |d 2009-05-14  |l 7  |m 30  |o 621.31042 SAR  |p 3010018279  |r 2025-06-29  |s 2025-06-23  |t 1  |w 2009-05-14  |y BK 
952 |0 0  |1 0  |2 ddc  |4 0  |6 621_310420000000000_SAR_1994  |7 0  |9 10148  |a BRACUL  |b BRACUL  |c GEN  |d 2010-05-16  |e Trim Education  |g 11775.00  |l 6  |m 46  |o 621.31042 SAR  |p 3010020203  |r 2025-07-15  |s 2024-10-27  |t 4  |w 2010-05-16  |y BK  |x Requisitioned by Md Sayeed Salam (Department of Electrical and Electronic Engineering) BRAC University for the course named - "Energy Conversion II (EEE 223)". 
952 |0 0  |1 0  |2 ddc  |4 0  |6 621_310420000000000_SAR_1994  |7 0  |9 10149  |a BRACUL  |b BRACUL  |c GEN  |d 2010-05-16  |e Trim Education  |g 11775.00  |l 2  |m 17  |o 621.31042 SAR  |p 3010020202  |r 2016-01-05  |s 2015-10-07  |t 3  |w 2010-05-16  |y BK  |x Requisitioned by Md Sayeed Salam (Department of Electrical and Electronic Engineering) BRAC University for the course named - "Energy Conversion II (EEE 223)". 
952 |0 0  |1 0  |2 ddc  |4 0  |6 621_310420000000000_SAR_1994  |7 0  |9 11018  |a BRACUL  |b BRACUL  |c GEN  |d 2010-06-15  |l 3  |m 41  |o 621.31042 SAR  |p 3010018280  |r 2025-02-09  |s 2024-10-27  |t 2  |w 2010-06-15  |y BK